Statistics for IPKKND Character quiz

Click here to take the quiz!

General Stats

  • This quiz has been taken 305 times
  • The average score is 15 of 21

Answer Stats

HintAnswer% Correct
Arnav Singh Raizada
100%
Anjali Jha
97%
Khushi Kumari Gupta
96%
Akash Singh Raizada
95%
Payal Gupta
95%
Shyam Manohar Jha
95%
Manorama Singh Raizada
90%
Garima Gupta
86%
Lavanya Kashyap
86%
Madhumati Gupta
86%
Devyani Singh Raizada
85%
NK
85%
Aarav
76%
Sheetal Kapoor
74%
Subhadra Devi
71%
Shashi Gupta
67%
Aman Mathur
47%
Lakshmi
33%
Pam
31%
Babli
14%
Mahendra Singh Raizada
8%

Score Distribution

Percentile by Number Answered

Percent of People with Each Score

Your Score History

You have not taken this quiz